Cary Grant Films in Order - Statistics

General Stats
  • This quiz has been taken 11 times
  • The average score is 57 of 72
Answer Stats
Hint Film % Correct
1963 Charade
100%
1964 Father Goose
100%
1962 That Touch of Mink
100%
1937 Amazing Adventure
80%
1957 An Affair to Remember
80%
1944 Arsenic and Old Lace
80%
1936 Big Brown Eyes
80%
1932 Blonde Venus
80%
1934 Born to be Bad
80%
1938 Bringing Up Baby
80%
1950 Crisis
80%
1944 Destination Tokyo
80%
1932 Devil and the Deep
80%
1953 Dream Wife
80%
1935 Enter Madame!
80%
1948 Every Girl Should be Married
80%
1933 Gambling Ship
80%
1939 Gunga Din
80%
1940 His Girl Friday
80%
1938 Holiday
80%
1932 Hot Saturday
80%
1958 Houseboat
80%
1958 Indiscreet
80%
1949 I Was a Male War Bride
80%
1934 Kiss and Make Up
80%
1957 Kiss Them For Me
80%
1932 Madame Butterfly
80%
1932 Merrily We Go to Hell
80%
1952 Monkey Business
80%
1948 Mr. Blandings Builds His Dream House
80%
1943 Mr. Lucky
80%
1940 My Favorite Wife
80%
1946 Night and Day
80%
1944 None But the Lonely Heart
80%
1959 North by Northwest
80%
1946 Notorious
80%
1942 Once Upon a Honeymoon
80%
1944 Once Upon a Time
80%
1939 Only Angels Have Wings
80%
1959 Operation Petticoat
80%
1941 Penny Serenade
80%
1951 People Will Talk
80%
1952 Room For One More
80%
1933 She Done Him Wrong
80%
1932 Sinners in the Sun
80%
1941 Suspicion
80%
1936 Suzy
80%
1936 Sylvia Scarlett
80%
1937 The Awful Truth
80%
1947 The Bachelor and the Bobby-Soxer
80%
1947 The Bishop's Wife
80%
1933 The Eagle and the Hawk
80%
1961 The Grass is Greener
80%
1940 The Howards of Virginia
80%
1935 The Last Outpost
80%
1941 The Philadelphia Story
80%
1957 The Pride and the Passion
80%
1933 The Woman Accused
80%
1934 Thirty-day Princess
80%
1932 This Was the Night
80%
1937 Toast of New York
80%
1955 To Catch a Thief
80%
1937 Topper
80%
1966 Walk, Don't Run
80%
1936 Wedding Present
80%
1937 When You're in Love
80%
1935 Wings in the Dark
80%
1933 I'm No Angel
60%
1939 In Name Only
60%
1934 Ladies Should Listen
60%
1942 The Talk of the Town
60%
1933 Alice in Wonderland
40%
No matching quizzes found
Score Distribution
Percent of People with Each Score
Percentile by Number Answered
Your Score History
You have not taken this quiz